| 000 | 00772nam a22002890a 4500 | ||
|---|---|---|---|
| 001 | PT43192 | ||
| 003 | AR-LpoUNG | ||
| 005 | 20210131230949.0 | ||
| 008 | 191001s2006||||fr |||||||||||||||||fre d | ||
| 020 |
_a20130557104 _c$42 |
||
| 040 |
_aAR-LpoUNG _bspa _cAR-LpoUNG _eaacr |
||
| 041 | _afre | ||
| 044 | _afr | ||
| 082 | 0 | _aR300 586dic | |
| 100 | 1 |
_aMesure, Sylvie _edir. |
|
| 245 | 1 | 0 | _aDictionnaire des sciences humaines |
| 250 | _a1ยช ed. | ||
| 260 |
_aParis : _bQuadrige, _coctubre de 2006. |
||
| 300 |
_axxix, 1277 p. : _bil., fot. |
||
| 650 | 4 | _aCIENCIAS SOCIALES | |
| 650 | 4 | _aDICCIONARIOS | |
| 650 | 4 | _aMATERIAL DE REFERENCIA | |
| 651 | 4 | _aDOCUMENTOS TEORICOS O METODOLOGICOS | |
| 700 | 1 |
_aSavidan, Patrck _edir. |
|
| 905 | _a43192 | ||
| 942 | _cLSALA | ||
| 999 |
_c7179 _d7179 |
||